| 000 | 02126nam a2200505Ii 4500 | ||
|---|---|---|---|
| 001 | DIGAKAL0048 | ||
| 003 | NyNyDIG | ||
| 008 | 170110s2008 sp o 000 f spa d | ||
| 006 | m o d | ||
| 007 | cr ||||||||||| | ||
| 035 | _a(OCoLC)884990201 | ||
| 040 |
_aDGITA _beng _erda _epn _cDGITA |
||
| 020 |
_a9788446037620 _q(eBook ; _qePub) |
||
| 020 |
_a8446037629 _q(eBook ; _qePub) |
||
| 020 | _z9788446024057 | ||
| 020 | _z8446024055 | ||
| 041 | 1 |
_aspa _hger |
|
| 050 | 1 | 4 | _aPT2361.S7 ebook |
| 082 | 0 | 4 |
_a833.6 _aFIC |
| 100 | 1 |
_aHoffmann, E. T. A. _q(Ernst Theodor Amadeus), _d1776-1822, _eauthor. |
|
| 240 | 1 | 0 |
_aElixiere des Teufels. _lSpanish _s(González García) |
| 245 | 1 | 4 |
_aLos elixires del diablo / _cE.T.A. Hoffman ; traducción, Emilio J. González García. |
| 264 | 1 |
_aTres Cantos, Madrid, España : _bEdiciones Akal, S.A., _c[2008] |
|
| 300 | _a1 online resource. | ||
| 336 |
_atext _btxt _2rdacontent |
||
| 337 |
_acomputer _bc _2rdamedia |
||
| 338 |
_aonline resource _bcr _2rdacarrier |
||
| 490 | 1 |
_aAkal básica de bolsillo ; _v152. _aSerie Clásicos de la literatura alemana |
|
| 588 | 0 | _aOnline resource; title from ePub title page (Digitalia, viewed January 11, 2017) | |
| 650 | 0 |
_aSins _vFiction. |
|
| 650 | 0 |
_aDoppelgängers _vFiction. |
|
| 650 | 0 |
_aBlessing and cursing _vFiction. |
|
| 655 | 7 |
_aGothic fiction. _2lcgft |
|
| 655 | 0 | _aElectronic books. | |
| 700 | 1 |
_aGonzález García, Emilio J., _etranslator. |
|
| 700 | 1 |
_iTranslation of: _aHoffmann, E. T. A. _q(Ernst Theodor Amadeus), _d1776-1822. _tElixiere des Teufels. |
|
| 791 | 2 |
_aDigitalia (Firm), _edistributor. |
|
| 793 | 0 |
_gDigitalia eBook Collection: _aAkal |
|
| 776 | 0 | 8 |
_iPrint version: _aHoffmann, E. T. A. (Ernst Theodor Amadeus), 1776-1822. _sElixiere des Teufels. Spanish (González García) _tElixires del diablo. _dTres Cantos, Madrid : Akal, [2008] _z9788446024057 |
| 830 | 0 |
_aAkal bolsillo ; _v152. |
|
| 830 | 0 |
_aAkal bolsillo. _pSerie Clásicos de la literatura alemana. |
|
| 856 | 4 | 0 |
_3Digitalia Hispánica _uhttps://www.digitaliapublishing.com/a/27869/ |
| 910 | _aPremium collection: 2019 | ||
| 942 | _cRAA | ||
| 999 |
_c238929 _d238929 |
||